000 00262nam a2200109Ia 4500
008 200302s9999 xx 000 0 und d
100 _aDieter Leistner
245 _aThe Water Temple
260 _bAcademy Edition Martins Press
260 _c1993
300 _a112 P.,
999 _c2147
_d2147